000
00275nam a22001337a 4500
008
190205b xxu||||| |||| 00| 0 eng d
020
_a
9780131449565
041
_a
eng
080
_a
573
100
_a
11
101
_a
BIO
245
_a
Biology
_c
Krogh, D
942
_2
udc
_c
BK
999
_c
54084
_d
54084